Economist.com / news analysis

Bibliographic Details
Previous Title:Economist.com / global agenda
Format: Electronic Newspaper
Language:English
Published: London : Economist Newspaper NA
Subjects:
Online Access:Full text available from Research Library: 03/02/2001 to 10/18/2010

MARC

LEADER 00000nas a2200000 i 4500
001 ssj0001071864
003 WaSeSS
005 20200512172242.0
006 m d
007 cr n
008 131216u20uuuuuuenkd| n|s|||||| |0eng d
035 |a (WaSeSS)ssj0001071864 
040 |a WaSeSS  |b eng  |c WaSeSS  |d WaSeSS 
050 1 4 |a HB1.A2 
245 0 0 |a Economist.com / news analysis  |h [electronic resource]. 
246 1 |a Economist dot com / news analysis 
260 |a London :  |b Economist Newspaper NA 
310 |a Daily 
506 |a License restrictions may limit access. 
588 |a Description based on: January 2, 2009; title from title screen (ProQuest, viewed Dec. 13, 2013). 
588 |a Latest issue consulted: October 18, 2010 (viewed Dec. 13, 2013). 
650 0 |a Economics  |v Periodicals. 
655 0 |a Electronic journals. 
780 0 0 |t Economist.com / global agenda  |x 1479-0289 
856 4 0 |z Full text available from Research Library: 03/02/2001 to 10/18/2010  |u https://search.proquest.com/publication/51540